000 00352 a2200169 4500
001 59648
020 _a8508007760
040 _cAnchieta - Pituba
100 _aAndrade, Carlos Drummond de
240 1 0 _aCrônicas
_lpor
245 1 0 _aCrônicas
300 _a78
362 0 _a1997
440 1 _aÁtica
650 4 _aLiteratura juvenil
942 _cBK
999 _c59648
_d59648